000 01045cam a2200205 4500
001 WB3842-04
008 021112n2002 000 0 eng u
035 _a(Sirsi) u120436
245 _aInner cities trailing in start-ups
260 _c2002
490 _aRegeneration and Renewal
_v8 November 2002, 3(1)
520 _aTreasury statistics published on the eve of this week's Inner City 100 awards show that business start-ups per 10 000 population in the 20 most disadvantaged areas of Britain in 2001 were at half the rate of the 20 richest areas. The figures are supported by research from think tank the New Economics Foundation (NEF) which devised the annual index. Table. The Treasury figures "Enterprise activity in the UK", can be viewed at http://www.hm-treasury.gov.uk "The 2002 inner city 100 index" is available at http://www.neweconomics.org
590 _aWB
650 _aINNER CITIES
650 _aRANKINGS
650 _aBUSINESS START-UPS
650 _aBUSINESS DEVELOPMENT
690 _aECONOMIC ISSUES
942 _n0
999 _c71553
_d71553